বাংলাদেশ ইতিহাস পরিক্রমা : (Record no. 249475)
[ view plain ]
| 000 -LEADER | |
|---|---|
| fixed length control field | 01033nam a22002297a 4500 |
| 003 - CONTROL NUMBER IDENTIFIER | |
| control field | BD-DhUL |
| 005 - DATE AND TIME OF LATEST TRANSACTION | |
| control field | 20190829102757.0 |
| 008 - FIXED-LENGTH DATA ELEMENTS--GENERAL INFORMATION | |
| fixed length control field | 170620s2018 bg ||||| |||| 00| 0 ben d |
| 020 ## - INTERNATIONAL STANDARD BOOK NUMBER | |
| International Standard Book Number | 9844080188 |
| 040 ## - CATALOGING SOURCE | |
| Original cataloging agency | BD-DhUL |
| Transcribing agency | BD-DhUL |
| Modifying agency | BD-DhUL |
| 082 ## - DEWEY DECIMAL CLASSIFICATION NUMBER | |
| Classification number | 954.92 |
| Item number | KHB |
| 100 1# - MAIN ENTRY--PERSONAL NAME | |
| Personal name | খান, কে. এম. রাইছউদ্দিন। |
| 245 10 - TITLE STATEMENT | |
| Title | বাংলাদেশ ইতিহাস পরিক্রমা : |
| Remainder of title | প্রাচীন, মধ্য ও আধুনিক যুগ / |
| Statement of responsibility, etc. | কে. এম. রাইছউদ্দিন খান। |
| 250 ## - EDITION STATEMENT | |
| Edition statement | পরিমার্জিত ও পরিবর্ধিত পঞ্চদশ |
| 260 ## - PUBLICATION, DISTRIBUTION, ETC. (IMPRINT) | |
| Place of publication, distribution, etc. | ঢাকা : |
| Name of publisher, distributor, etc. | খান ব্রাদার্স, |
| Date of publication, distribution, etc. | ২০১৮। |
| 300 ## - PHYSICAL DESCRIPTION | |
| Extent | ৮৭৯ পৃ. ; |
| Dimensions | ২২ সেমি.। |
| 365 ## - TRADE PRICE | |
| Price type code | BDT. |
| Price amount | 500.00 |
| 504 ## - BIBLIOGRAPHY, ETC. NOTE | |
| Bibliography, etc | গ্রন্থপঞ্জি: পৃ. [৮৭৭-৮৭৯] |
| 651 #4 - SUBJECT ADDED ENTRY--GEOGRAPHIC NAME | |
| Geographic name | বাংলাদেশ - ইতিহাস |
| 651 #4 - SUBJECT ADDED ENTRY--GEOGRAPHIC NAME | |
| Geographic name | Bangladesh - History |
| 942 ## - ADDED ENTRY ELEMENTS (KOHA) | |
| Source of classification or shelving scheme | |
| Koha item type | Books |
| Price effective from | Date last seen | Permanent Location | Not for loan | Date acquired | Source of classification or shelving scheme | Koha item type | Lost status | Withdrawn status | Copy number | Source of acquisition | Collection code | Damaged status | Shelving location | Barcode | Current Location | Full call number |
|---|---|---|---|---|---|---|---|---|---|---|---|---|---|---|---|---|
| 2019-08-29 | 2019-08-29 | Dhaka University Library | 2019-05-14 | Books | 1 | Purchased | Non Fiction | General Stacks | 508196 | Dhaka University Library | 954.92 KHB | |||||
| 2019-08-29 | 2019-08-29 | Dhaka University Library | 2019-05-14 | Books | 2 | Purchased | Non Fiction | General Stacks | 508197 | Dhaka University Library | 954.92 KHB |
